| 000 | 00353nam a2200145Ia 4500 | ||
|---|---|---|---|
| 008 | 221201s9999 xx 000 0 und d | ||
| 020 | _a9780750663724 | ||
| 041 | _aeng | ||
| 082 | _a720.22 | ||
| 100 |
_aStyles K. _910143 |
||
| 245 | _aWorking Drawings Handbook. | ||
| 260 |
_bRoutledge Taylor And Francis. _c2004 |
||
| 300 | _a162 | ||
| 906 | _b3283.02 | ||
| 999 |
_c83503 _d83503 |
||